Parita kúpnej sily a panelové testy jednotkového koreňa

Problematika parity kúpnej sily a testovanie jej platnosti na báze panelových testov jednotkového koreňa. Panelové testy jednotkového koreňa (Levinov-Linov a Imov, Pesaranov a Shinov test) a testovanie reálnych výmenných kurzov. Prínos a nedostatky.

Na minha lista:
Detalhes bibliográficos
Autor principal: Chocholatá, Michaela, 1977-
Formato: Capítulo de Livro
Idioma:eslovaco
Assuntos:
Tags: Adicionar Tag
Sem tags, seja o primeiro a adicionar uma tag!

MARC

LEADER 00000nla a2200000 4500
001 0203888
005 20240502073415.5
041 0 |a slo 
044 |a SK 
245 1 0 |a Parita kúpnej sily a panelové testy jednotkového koreňa  |c Michaela Chocholatá 
520 |a Problematika parity kúpnej sily a testovanie jej platnosti na báze panelových testov jednotkového koreňa. Panelové testy jednotkového koreňa (Levinov-Linov a Imov, Pesaranov a Shinov test) a testovanie reálnych výmenných kurzov. Prínos a nedostatky. 
610 2 0 |a parita sily kúpnej 
610 2 0 |a vývoj cenový 
610 2 0 |a modely ekonometrické 
610 2 0 |a rady časové 
610 2 0 |a testovanie stresové 
100 1 |a Chocholatá, Michaela, 1977-